| 000 | 00867nam a2200337Ia 4500 | ||
|---|---|---|---|
| 005 | 20260514124333.0 | ||
| 008 | 008 261405s9999 xx 000 0 eng d | ||
| 037 | _aThesis | ||
| 040 | _aCRL | ||
| 040 | _beng | ||
| 040 | _cCRL | ||
| 041 | _2eng | ||
| 041 | _aeng | ||
| 084 | _qCRL | ||
| 100 |
_aKaur Dr.Gaganpreet _91239407 |
||
| 245 | 0 | _aStudy of Serum insulin Like Growth Factor-1 (IGF-1) in Pegnancies Complicated with Pre-Eclampsia. | |
| 260 | _aDelhi | ||
| 260 | _bUniversity of Delhi | ||
| 260 | _c2015 | ||
| 300 | _a75p. | ||
| 502 | _bPh.D. | ||
| 502 | _cUniversity of Delhi | ||
| 502 | _d2015 | ||
| 541 | _oThesis | ||
| 650 | _aObstetrics & Gynecology | ||
| 700 |
_aDr.Reena Yadav _91239408 |
||
| 700 |
_aDr.Ritu Singh _91239409 |
||
| 710 |
_aObstetrics & Gynecology _91239374 |
||
| 942 | _cTH | ||
| 999 |
_c1851685 _d1851685 |
||